Statistics for Biggest World Cities within 300 km with letter hints on dots

Click here to take the quiz!

General Stats

  • This quiz has been taken 320 times
    (82 since last reset)
  • The average score is 525 of 1090

Answer Stats

Country D2L latitude longitude population City % Correct
France34148.8672.33311,300,000Paris
84%
United Kingdom2,50051.5-0.11714,600,000London
84%
United States3,36040.75-73.9822,200,000New York
81%
Italy65740.8414.2454,225,000Naples
81%
United States2,47933.99-118.1817,700,000Los Angeles
81%
Spain1,05440.4-3.6836,350,000Madrid
81%
Portugal50438.723-9.1452,550,000Lisbon
81%
United States56737.74-122.467,800,000San Francisco
81%
Spain50641.3832.1834,700,000Barcelona
81%
Germany45052.52213.4024,625,000Berlin
78%
United States1,28232.82-96.846,900,000Dallas
78%
United States1,15841.83-87.759,750,000Chicago
78%
Canada54143.7-79.427,300,000Toronto
78%
Ukraine75850.43330.5173,450,000Kiev
78%
Iceland1,32564.135-21.895118,918Reykjavík
78%
Turkey35139.92732.8644,850,000Ankara
78%
United States33038.9-77.0098,500,000Washington
78%
Greece57037.98323.7333,375,000Athens
78%
New Zealand2,161-36.85174.7651,550,000Auckland
78%
United States1,48425.788-80.2246,250,000Miami
78%
Argentina1,674-34.603-58.39816,100,000Buenos Aires
78%
United States1,09247.57-122.344,275,000Seattle
78%
Brazil623-15.783-47.9163,975,000Brasília
78%
United States33442.33-83.085,700,000Detroit
78%
Finland30060.17624.9341,270,000Helsinki
78%
United States86933.83-84.45,700,000Atlanta
78%
Mexico11,31919.442-99.13122,600,000Mexico City
78%
Panama5118.968-79.5331,530,000Panama City
78%
Brazil7,423-23.559-46.62522,100,000São Paulo
78%
Italy64345.479.2055,150,000Milan
78%
Egypt4,36330.0531.2518,200,000Cairo
78%
Norway41959.91710.751,170,000Oslo
78%
Russia2,89955.75237.61617,000,000Moscow
78%
Cuba36523.132-82.3642,225,000Havana
76%
Greenland1,43764.183-51.72214,798Nuuk
76%
Chile1,139-33.45-70.6677,050,000Santiago
76%
Japan2,90335.685139.75139,900,000Tokyo
76%
Canada31246.135-60.183105,968Sydney
76%
United States36129.82-95.346,500,000Houston
76%
Russia63559.93930.3165,550,000Saint Petersburg
76%
Romania43944.43326.12,200,000Bucharest
76%
Australia5,380-33.92151.1855,000,000Sydney
76%
Tunisia57036.80310.182,575,000Tunis
76%
United States2,13461.218-149.9298,695Anchorage
76%
Brazil354-22.925-43.22512,800,000Rio de Janeiro
76%
Indonesia3,319-6.174106.82930,300,000Jakarta
76%
India3,65428.6777.2328,400,000New Delhi
76%
India1,15719.01772.85724,200,000Mumbai
76%
United States93439.739-104.9843,650,000Denver
76%
Turkey1,24341.10529.0114,800,000Istanbul
76%
Sweden69159.35118.0972,150,000Stockholm
76%
Australia708-37.82144.9754,550,000Melbourne
76%
Peru3,130-12.048-77.0510,300,000Lima
76%
Hungary69047.519.0832,575,000Budapest
76%
Colombia1,8694.596-74.0839,650,000Bogotá
76%
France34245.774.831,980,000Lyon
76%
New Zealand305-43.533172.633363,926Christchurch
76%
Senegal1,80014.716-17.4733,500,000Dakar
73%
United Arab Emirates86125.2355.284,625,000Dubai
73%
United States56833.54-112.074,500,000Phoenix
73%
United States56644.98-93.2523,100,000Minneapolis
73%
Canada40545.5-73.5834,200,000Montreal
73%
Yemen86115.35544.2072,625,000Sana'a
73%
Venezuela93810.501-66.9173,750,000Caracas
73%
Saudi Arabia1,30124.64146.7737,400,000Riyadh
73%
Germany44751.537.045,700,000The Ruhr
73%
Australia2,729-31.955115.842,000,000Perth
73%
South Korea87037.56612724,600,000Seoul
73%
China95839.929116.38820,000,000Beijing
73%
Canada67551.083-114.081,470,000Calgary
73%
Thailand1,53313.75100.51718,400,000Bangkok
73%
Nigeria6,3666.4433.39218,200,000Lagos
73%
United States51229.995-90.041,010,000New Orleans
73%
United States3,85221.307-157.8581,000,000Honolulu
73%
South Africa1,261-33.9218.4354,125,000Cape Town
73%
New Zealand492-41.287174.776381,900Wellington
73%
Kenya667-1.28336.8175,750,000Nairobi
73%
Tanzania2,453-6.839.2685,900,000Dar es Salaam
73%
Australia655-34.935138.61,320,000Adelaide
70%
Dominican Republic1,33718.47-69.93,825,000Santo Domingo
70%
Guatemala1,05914.621-90.5273,100,000Guatemala City
70%
Vietnam55221.033105.853,825,000Hanoi
70%
Algeria51836.7633.0513,825,000Algiers
70%
Puerto Rico39818.44-66.132,050,000San Juan
70%
Serbia31644.81920.4681,410,000Belgrade
70%
United States41338.635-90.242,350,000Saint Louis
70%
France43744.85-0.5951,050,000Bordeaux
70%
United States36536.21-115.222,200,000Las Vegas
70%
Norway30560.3935.324213,585Bergen
70%
Jamaica47517.997-76.794937,700Kingston
70%
Norfolk Island709-29.055167.966880Kingston
70%
Belarus43553.927.5672,000,000Minsk
70%
United States45943.614-116.203145,987Boise
70%
China40,00023.145113.32545,600,000Guangzhou
70%
Mexico45920.67-103.335,150,000Guadalajara
70%
Sudan1,60615.58832.5345,950,000Khartoum
70%
Iran1,91335.67251.42414,700,000Tehran
70%
Philippines1,24214.604120.98224,600,000Manila
70%
Vietnam74810.78106.6958,350,000Ho Chi Minh City
70%
Singapore3161.293103.8567,750,000Singapore
70%
Kuwait53729.3747.9784,475,000Kuwait City
70%
Pakistan88724.8766.9916,900,000Karachi
70%
United States87258.302-134.4232,756Juneau
70%
Japan40434.75135.4617,700,000Osaka
70%
United States32627.947-82.4594,200,000Tampa
70%
Maldives6094.17573.509103,693Malé
70%
India83712.9777.5611,500,000Bangalore
70%
Saudi Arabia84721.51739.2194,625,000Jeddah
70%
United States31435.12-901,150,000Memphis
68%
Suriname3465.866-55.167223,757Paramaribo
68%
Paraguay825-25.296-57.6422,275,000Asunción
68%
Taiwan35825.036121.5689,100,000Taipei
68%
Costa Rica8719.935-84.0842,325,000San José
68%
Samoa1,151-13.833-171.76740,407Apia
68%
Jordan49431.9535.9335,300,000Amman
68%
United States60140.775-111.932,350,000Salt Lake City
68%
Somalia1,0212.06745.3671,830,000Mogadishu
68%
South Africa4,483-26.1728.0313,400,000Johannesburg
68%
Pakistan42331.5674.3512,200,000Lahore
68%
Azerbaijan54140.39549.8622,525,000Baku
68%
Democratic Republic of the Congo1,781-4.3315.31511,600,000Kinshasa
68%
Uzbekistan75441.31269.2952,700,000Tashkent
68%
Ghana4115.55-0.2175,100,000Accra
68%
Iraq69533.33944.3946,950,000Baghdad
68%
Angola549-8.83813.2347,650,000Luanda
68%
Bolivia1,078-16.498-68.152,025,000La Paz
68%
Egypt47325.69932.642422,407Luxor
68%
United States33836.17-86.781,430,000Nashville
68%
India50017.478.489,600,000Hyderabad
68%
China1,20131.216121.43729,500,000Shanghai
68%
Nicaragua34212.153-86.2681,320,000Managua
68%
Oman38023.61358.5931,300,000Muscat
68%
Sri Lanka6826.93279.8584,750,000Colombo
68%
United States38239.107-94.6041,950,000Kansas City
68%
Canada61949.884-97.147632,063Winnipeg
68%
Australia720-12.461130.842129,062Darwin
68%
Bangladesh1,42523.72390.40918,800,000Dhaka
68%
Niger41413.5172.1171,220,000Niamey
68%
Guinea7069.532-13.682,375,000Conakry
68%
Canada64144.645-63.572359,111Halifax
65%
Malaysia1,1773.167101.78,450,000Kuala Lumpur
65%
United States36135.205-80.832,375,000Charlotte
65%
Guinea-Bissau33211.864-15.598388,028Bissau
65%
Madagascar1,610-18.91747.5172,375,000Antananarivo
65%
Mongolia83947.917106.9171,360,000Ulaanbaatar
65%
Zimbabwe396-17.81831.0452,400,000Harare
65%
United States41864.838-147.71632,325Fairbanks
65%
Spain31337.405-5.981,330,000Seville
65%
Morocco83133.6-7.6164,325,000Casablanca
65%
Canada59147.565-52.70999,182Saint John's
65%
Cape Verde65014.932-23.513113,364Praia
65%
Ethiopia9879.03338.73,650,000Addis Ababa
65%
Brazil627-3.75-38.583,650,000Fortaleza
65%
Seychelles1,088-4.6255.45522,881Victoria
65%
Mexico63325.67-100.334,825,000Monterrey
65%
Mali92012.65-83,250,000Bamako
65%
Mauritius880-20.16257.499155,226Port Louis
65%
Nepal44627.71785.3172,950,000Kathmandu
65%
China1,24030.67104.079,300,000Chengdu
65%
Namibia1,141-22.55917.083268,132Windhoek
65%
Myanmar57516.78396.1675,400,000Yangon
65%
United States45364.501-165.4063,806Nome
65%
Libya51332.89313.181,180,000Tripoli
62%
Latvia36256.94624.106742,572Riga
62%
Saint Helena, Ascension and Tristan da Cunha1,296-7.929-14.412538Georgetown
62%
United States30446.808-100.78471,167Bismarck
62%
South Africa319-29.12126.214463,064Bloemfontein
62%
United States30035.47-97.5191,130,000Oklahoma City
62%
Rwanda376-1.95430.0611,090,000Kigali
62%
Ukraine39146.4930.711,100,000Odessa
62%
Cayman Islands31319.287-81.37429,370George Town
62%
Poland30750.2619.022,375,000Katowice
62%
Vanuatu538-17.736168.31435,901Port Vila
62%
United States59345.783-108.501110,263Billings
62%
Brazil1,630-8.076-34.9163,800,000Recife
62%
Barbados47913.107-59.6298,511Bridgetown
62%
Uganda5030.31732.5833,250,000Kampala
62%
Brazil340-19.915-43.9155,000,000Belo Horizonte
62%
Australia582-42.879147.329216,656Hobart
62%
Australia738-27.455153.0352,950,000Brisbane
62%
China68830.58114.278,700,000Wuhan
62%
Ivory Coast8325.32-4.045,350,000Abidjan
62%
Guyana5216.804-58.155235,017Georgetown
62%
Fiji1,333-18.142178.44177,366Suva
62%
Zambia1,190-15.41728.2832,475,000Lusaka
62%
Burkina Faso62812.37-1.5252,425,000Ouagadougou
62%
India44523.0372.588,000,000Ahmedabad
62%
Brazil1,294-3.1-602,150,000Manaus
62%
Afghanistan58334.51769.1834,000,000Kabul
62%
Papua New Guinea2,083-9.477147.151283,733Port Moresby
62%
Japan83143.075141.342,500,000Sapporo
62%
Kiribati1,8711.328172.97740,311South Tarawa
59%
Bermuda1,08332.382-64.6781,896Saint George's
59%
Australia1,284-23.697133.88425,186Alice Springs
59%
United States33546.877-96.79118,523Fargo
59%
Canada65962.454-114.37215,865Yellowknife
59%
Norway39263.4310.395147,139Trondheim
59%
Italy31038.13213.336648,260Palermo
59%
Malawi515-13.98333.7831,190,000Lilongwe
59%
United States36947.66-117.429213,272Spokane
59%
Mauritania40518.086-15.9751,160,000Nouakchott
59%
Bahamas30025.058-77.343227,940Nassau
59%
Tuvalu875-8.524179.1944,492Funafuti
59%
South Sudan5134.85231.582450,000Juba
59%
Solomon Islands1,405-9.433159.9556,298Honiara
59%
United States36635.08449-106.65114559,121Albuquerque
59%
Liberia3596.311-10.8051,480,000Monrovia
59%
Mozambique456-25.95532.5892,750,000Maputo
59%
Ecuador994-2.22-79.923,075,000Guayaquil
59%
Cameroon7253.86711.5173,150,000Yaoundé
59%
Russia50048.7144.51,410,000Volgograd
59%
Ukraine4115036.251,630,000Kharkiv
59%
Nigeria3409.0837.5333,200,000Abuja
59%
United States34739.162-84.4572,750,000Cincinnati
59%
China50524.45118.089,800,000Xiamen
59%
China56534.275108.8956,750,000Xi'an
59%
Indonesia573-7.249112.7514,875,000Surabaya
59%
Brazil667-12.97-38.483,700,000Salvador
59%
Nigeria833128.524,400,000Kano
59%
South Korea32835.095129.014,175,000Busan
59%
Brazil844-30.05-51.24,100,000Porto Alegre
59%
Algeria35035.71-0.621,420,000Oran
59%
South Africa501-29.86530.983,325,000Durban
57%
Brazil1,129-1.45-48.482,250,000Belém
57%
Saint Helena, Ascension and Tristan da Cunha2,429-37.068-12.312271Edinburgh of the Seven Seas
57%
Kazakhstan44351.1871.4461,020,000Astana
57%
Gabon4060.3929.454578,156Libreville
57%
China1,78643.80587.5753,975,000Ürümqi
57%
Tajikistan31138.5357568.77905679,400Dushanbe
57%
Eritrea43615.33838.932563,930Asmara
57%
Russia1,29155.0382.961,690,000Novosibirsk
57%
Marshall Islands6617.09171.3825,400Majuro
57%
Syria31336.2337.172,050,000Aleppo
57%
Mexico56231.69-106.491,470,000Ciudad Juárez
57%
South Africa662-33.9725.61,300,000Port Elizabeth
57%
Djibouti43211.58943.145623,891Djibouti
57%
Tonga744-21.139-175.20222,400Nukuʻalofa
57%
Russia1,01856.8560.61,630,000Yekaterinburg
57%
Kazakhstan66643.32576.9151,970,000Almaty
57%
Kenya308-4.0439.691,200,000Mombasa
57%
Saudi Arabia33224.539.581,440,000Medina
57%
Chad71012.11315.0491,310,000N'Djamena
57%
Petr
54%
Ber
54%
Labu
54%
Quel
54%
Bīrj
54%
Spo
54%
Sant
54%
Sask
54%
Kend
54%
Hai
54%
U
54%
S
54%
Town
54%
S
54%
Hob
54%
Lub
54%
Win
54%
Muk
54%
M
54%
Rio
54%
Bra
54%
S
54%
Vit
54%
Tal
54%
A
54%
T
54%
Ban
54%
Udo
54%
Imp
54%
Neu
54%
Yak
54%
Boa
54%
Geo
54%
Kis
54%
Syk
54%
Nas
54%
Hua
54%
Jua
54%
Par
54%
Pue
54%
Nuk
54%
Puer
54%
Mban
54%
Soro
54%
M
54%
Kind
54%
Jaya
54%
Sabh
54%
Darw
54%
Y
54%
C
54%
Oulu
54%
Isir
54%
Agad
54%
Hera
54%
Jiay
54%
Tobr
54%
Xili
54%
Reyk
54%
Lhas
54%
Farg
54%
Punt
54%
Sino
54%
Toli
54%
Hami
54%
Alta
54%
Atyr
54%
O
54%
M
54%
Yuzh
54%
Bahi
54%
Şalā
54%
Gene
54%
Coqu
54%
Mala
54%
B
54%
V
54%
Barr
54%
S
54%
Port
54%
Maha
54%
Arar
54%
Akta
54%
Tron
54%
Bois
54%
Béch
54%
Como
54%
N
54%
Nori
54%
Her
54%
Sur
54%
Kas
54%
N
54%
B
54%
Wi
54%
Dj
54%
Ir
54%
L
54%
M
54%
Kh
54%
Li
54%
Ke
54%
A
54%
Ba
54%
Pa
54%
Ku
54%
Ny
54%
As
54%
So
54%
O
54%
Ma
54%
Za
54%
Or
54%
Tu
54%
Be
54%
Cu
54%
U
54%
O
54%
As
54%
S
54%
Q
54%
K
54%
B
54%
P
54%
A
54%
K
54%
Dune
54%
H
54%
G
54%
N
54%
H
54%
K
54%
Ki
54%
O
54%
Ar
54%
Tr
54%
M
54%
He
54%
Ri
54%
Ca
54%
Bu
54%
Cu
54%
Be
54%
Ty
54%
Blo
54%
Bah
54%
M
54%
Mac
54%
Mon
54%
Pav
54%
Mur
54%
Ust
54%
Clu
54%
Cus
54%
Puc
54%
H
54%
Ant
54%
P
54%
Amb
54%
Tam
54%
Chi
54%
Por
54%
N
54%
Wau
54%
Kyz
54%
Anc
54%
Mbe
54%
Por
54%
Pal
54%
Kup
54%
Aks
54%
Ark
54%
Kot
54%
L
54%
Tab
54%
Man
54%
T
54%
Jub
54%
Iqu
54%
Mwa
54%
Lux
54%
El
54%
O
54%
Bur
54%
Nam
54%
Hal
54%
M
54%
Bis
54%
N
54%
Kha
54%
N
54%
Wel
54%
Las
54%
Chr
54%
Tam
54%
Bob
54%
Huo
54%
T
54%
Sayn
54%
Hota
54%
Hang
54%
Funa
54%
Unal
54%
Barr
54%
Neia
54%
Bata
54%
Omsu
54%
Tenn
54%
Nome
54%
Pala
54%
Zyry
54%
Zhig
54%
Newm
54%
Qaqo
54%
Khat
54%
Nhul
54%
Inuv
54%
Taou
54%
Fern
54%
Weip
54%
Prov
54%
Chok
54%
Arij
54%
Rank
54%
Fort
54%
Sisi
54%
Stan
54%
Susu
54%
Labr
54%
Klyu
54%
Tofo
54%
Ust-
54%
Puer
54%
Olyo
54%
Hadi
54%
Espe
54%
Happ
54%
Carn
54%
Colo
54%
Barc
54%
Tura
54%
Beth
54%
Iqal
54%
Kolo
54%
The
54%
Port
54%
Mitú
54%
Lore
54%
Bili
54%
Tiks
54%
Kunu
54%
Okho
54%
Bilm
54%
Prud
54%
Kava
54%
Ving
54%
Qaan
54%
Warb
54%
Ifal
54%
Lata
54%
Geor
54%
Itto
54%
Ataf
54%
Flyi
54%
Wait
54%
Edin
54%
West
54%
Leni
54%
Carg
54%
Adam
54%
Port
54%
Tobi
54%
Olon
54%
Gryt
54%
Ch
54%
Ci
54%
He
54%
Ba
54%
Du
54%
Alof
54%
Half
54%
Long
54%
Mata
54%
Yerb
54%
Sask
54%
Sain
54%
Tabw
54%
Aozo
54%
Tasi
54%
Atuo
54%
Cedu
54%
Wats
54%
Kugl
54%
McMu
54%
Diks
54%
Arct
54%
Gjoa
54%
Riki
54%
Sand
54%
Moer
54%
Norm
54%
Clyd
54%
Yula
54%
Rung
54%
Fort
54%
Ogas
54%
King
54%
Anad
54%
Fuva
54%
Prai
54%
Nery
54%
Fort
54%
Dakh
54%
Bosa
54%
Mack
54%
Rapi
54%
Tama
54%
Noua
54%
Upin
54%
Bism
54%
Ambo
54%
Prin
54%
Suva
54%
Caye
54%
Gaal
54%
Néma
54%
San
54%
Rund
54%
Honi
54%
Mamo
54%
Mano
54%
Mong
54%
Trom
54%
Maun
54%
Lae
54%
Vork
54%
In S
54%
Sain
54%
Port
54%
Bill
54%
Livi
54%
Mopt
54%
Kyzy
54%
Ji P
54%
Sydn
54%
Zhez
54%
Malé
54%
Func
54%
Thun
54%
Brid
54%
Balk
54%
Mtwa
54%
Coru
54%
Bumb
54%
Maga
54%
Novy
54%
Trel
54%
Noum
54%
Gao
54%
Qamd
54%
Trin
54%
Ants
54%
Timi
54%
Saip
54%
Thom
54%
Yell
54%
As S
54%
Fada
54%
Vict
54%
Moun
54%
Nuku
54%
Pont
54%
M
54%
Terr
54%
Corn
54%
São
54%
Boda
54%
Baru
54%
Alic
54%
Keet
54%
Aykh
54%
Daru
54%
Port
54%
Ebay
54%
Nuuk
54%
Koro
54%
Weno
54%
Avar
54%
Tórs
54%
Broo
54%
Ghat
54%
Maju
54%
Al J
54%
Bodø
54%
Coyh
54%
Nabi
54%
Hilo
54%
Saur
54%
Apia
54%
Sout
54%
Mirn
54%
Araw
54%
Tual
54%
Zoue
54%
Port
54%
Moun
54%
Baya
54%
Osha
54%
June
54%
Fair
54%
Kalg
54%
Mild
54%
Faaa
54%
Leti
54%
Geor
54%
Niko
54%
Gera
54%
Koko
54%
C
54%
Al
54%
M
54%
O
54%
L
54%
B
54%
H
54%
B
54%
A
54%
S
54%
Turkey30338.43627.1523,000,000Izmir
54%
S
54%
K
54%
C
54%
D
54%
C
54%
A
54%
H
54%
L
54%
M
54%
Canada48652.132-106.669198,958Saskatoon
54%
S
54%
United States43333.578-101.855249,042Lubbock
54%
United States32319.73-155.09143,263Hilo
54%
Palm
54%
Libya65232.11520.069650,629Benghazi
54%
China50845.75126.655,300,000Harbin
54%
Central African Republic7834.36718.5581,130,000Bangui
54%
Russia61154.9973.41,180,000Omsk
54%
Brazil342-25.42-49.323,350,000Curitiba
54%
United States80471.291-156.7894,384Barrow
54%
Bolivia542-17.754-63.2262,000,000Santa Cruz
54%
United States30829.487-98.5072,150,000San Antonio
54%
Venezuela51910.73-71.662,575,000Maracaibo
54%
P
54%
S
54%
S
54%
V
54%
D
54%
P
54%
A
54%
K
54%
Y
54%
C
54%
D
54%
N
54%
S
54%
N
54%
B
54%
T
54%
B
54%
M
54%
P
54%
M
54%
S
54%
S
54%
V
54%
L
54%
S
54%
B
54%
M
54%
L
54%
P
54%
A
54%
M
54%
H
54%
K
54%
A
54%
Philippines57010.32123.92,600,000Cebu
54%
L
54%
French Guiana3304.933-52.33361,550Cayenne
51%
Antarctica3,482-77.846166.6761,258McMurdo Station
51%
Russia52753.19550.1511,320,000Samara
51%
Myanmar44321.9796.0851,480,000Mandalay
51%
Argentina646-31.4-64.1821,640,000Córdoba
51%
Nigeria3104.817.012,200,000Port Harcourt
51%
Mexico62720.967-89.6171,110,000Mérida
51%
Russia40256.333441,740,000Nizhny Novgorod
51%
Saudi Arabia38726.42850.12,375,000Dammam
49%
Falkland Islands (Malvinas)698-51.694-57.8572,213Stanley
49%
Russia59368.97933.093319,263Murmansk
49%
United States41744.081-103.23173,569Rapid City
49%
Faroe Islands52262.01-6.77213,200Tórshavn
49%
New Zealand310-45.874170.504114,347Dunedin
49%
Canada43948.382-89.2599,334Thunder Bay
49%
Brazil483-2.516-44.2661,430,000São Luís
49%
Romania30746.76723.6316,748Cluj-Napoca
49%
Morocco39830.44-9.621,150,000Agadir
49%
Indonesia313-8.65115.221,670,000Denpasar
49%
Chile3,535-27.155-109.4323,304Hanga Roa
49%
Mexico34028.63528-106.08889809,232Chihuahua
49%
Argentina656-45.864-67.497140,850Comodoro Rivadavia
46%
China56041.805123.457,850,000Shenyang
46%
Indonesia3423.5898.653,525,000Medan
46%
Democratic Republic of the Congo422-11.6827.482,050,000Lubumbashi
46%
Japan62626.207127.6731,210,000Naha
46%
Norway56169.64918.95552,436Tromsø
46%
Iran40038.08646.3011,760,000Tabriz
46%
Cook Islands1,139-21.208-159.77513,373Avarua
46%
China63025.07102.684,050,000Kunming
46%
Russia34854.7956.041,130,000Ufa
46%
Chile847-53.155-70.911117,430Punta Arenas
46%
Greece32035.32825.143137,154Heraklion
46%
Portugal97137.746-25.66720,056Ponta Delgada
46%
Russia52252.298104.296586,695Irkutsk
46%
China50536.056103.7922,750,000Lanzhou
46%
Pitcairn539-25.066-130.10146Adamstown
46%
Australia1,083-19.266146.806196,219Townsville
46%
Iran73736.2759.573,100,000Mashhad
43%
China32222.82108.323,525,000Nanning
43%
Philippines4027.11125.631,510,000Davao
43%
New Caledonia1,456-22.274166.44993,060Nouméa
43%
Northern Mariana Islands2,03915.212145.75548,220Saipan
43%
Canada82163.747-68.5176,124Iqaluit
43%
Iraq34036.34543.1451,400,000Mosul
43%
Finland40065.01225.468128,618Oulu
43%
Canada58555.744-97.85612,467Thompson
43%
India41526.85580.9153,525,000Lucknow
43%
China43636.09120.335,900,000Qingdao
43%
Portugal46732.666-16.925100,847Funchal
43%
Iran35029.6352.571,700,000Shiraz
43%
French Polynesia2,409-17.55-149.629,851Faaa
43%
Russia1,35362.034129.733235,600Yakutsk
43%
Democratic Republic of the Congo745-6.1523.61,930,000Mbuji-Mayi
43%
Federated States of Micronesia1,0167.446151.84113,856Weno
41%
Libya74624.20523.28646,050Al Jawf
41%
Australia462-17.955122.23912,766Broome
41%
Canada67168.626-95.8781,109Gjoa Haven
41%
Niue430-19.055-169.918624Alofi
41%
Venezuela5268.35122-62.64102746,535Ciudad Guayana
41%
Zambia373-17.84225.854109,203Livingstone
41%
Mexico31025.57-103.421,330,000Torreón
41%
Russia73764.5440.543356,051Arkhangelsk
41%
Canada72568.35-133.7223,022Inuvik
41%
Pakistan42630.2267.0251,080,000Quetta
41%
Palau8767.34134.47314,000Koror
41%
South Georgia and the South Sandwich Islands1,456-54.281-36.5092Grytviken
41%
Colombia34410.96-74.82,050,000Barranquilla
41%
Indonesia775-5.14119.4321,880,000Makassar
41%
French Southern Territories3,345-49.34970.21945Port-aux-Français
41%
Argentina518-26.81-65.2151,000,000San Miguel de Tucumán
41%
China44134.755113.6655,400,000Zhengzhou
41%
Australia542-30.746121.47431,107Kalgoorlie
41%
New Zealand684-43.954-176.56300Waitangi
38%
Peru702-3.749-73.254437,620Iquitos
38%
Kiribati1,8952.016-157.4881,881Tabwakea
38%
Brazil521-10.167-48.328196,272Palmas
38%
Australia665-20.725139.49722,785Mount Isa
38%
Papua New Guinea305-6.722146.98576,255Lae
38%
China33438.923121.634,500,000Dalian
38%
Christmas Island391-10.422105.679500Flying Fish Cove
38%
Canada37856.727-111.38176,000Fort McMurray
38%
Brazil619-20.443-54.646729,151Campo Grande
38%
Mexico40924.79-107.388675,773Culiacán
38%
Australia1,021-20.312118.61115,044Port Hedland
38%
French Polynesia1,536-23.12-134.9691,103Rikitea
38%
United States57360.792-161.7566,450Bethel
38%
Indonesia682-3.696128.183355,596Ambon
38%
French Polynesia1,400-9.803-139.0421,762Atuona
38%
Australia347-33.859121.8927,888Esperance
38%
Brazil760-8.762-63.904306,180Porto Velho
38%
Indonesia421-2.98104.751,750,000Palembang
38%
Brazil373-20.324-40.3661,840,000Vitória
38%
French Polynesia553-22.451-151.3421,044Moerai
38%
Japan31038.287141.0221,510,000Sendai
38%
Canada44253.304-60.3267,572Happy Valley-Goose Bay
38%
India43317.7383.3052,075,000Vishakhapatnam
38%
Ecuador1,054-0.74-90.3148,996Puerto Ayora
38%
Canada30752.946-66.91110,313Labrador City
38%
Russia87259.564150.80395,282Magadan
38%
China35329.6591.1118,721Lhasa
38%
Mozambique449-19.84434.839530,604Beira
35%
Svalbard and Jan Mayen49070.922-8.71914Olonkinbyen
35%
Cocos (Keeling) Islands985-12.15796.823120West Island
35%
Norway32367.2814.40534,073Bodø
35%
Peru321-13.523-71.967312,140Cusco
35%
Indonesia722-10.171123.607282,396Kupang
35%
Australia323-21.153149.16674,219Mackay
35%
Russia64061.2573.417300,367Surgut
35%
Argentina419-38.72-62.272276,546Bahía Blanca
35%
South Sudan4527.70127.99127,384Wau
35%
China35342.83493.506137,072Hami
35%
Australia327-34.186142.16330,016Mildura
35%
Canada43265.282-126.8331,027Norman Wells
35%
Australia371-28.779114.61526,872Geraldton
35%
Australia449-19.65134.1913,889Tennant Creek
35%
Australia405-15.778128.7425,679Kununurra
35%
India42221.1779.093,150,000Nagpur
35%
Australia418-12.623141.8792,830Weipa
35%
United States42255.337-160.4991,064Sand Point
35%
Federated States of Micronesia5616.964158.2066,074Kolonia
35%
Canada85262.809-92.0852,334Rankin Inlet
35%
Mexico47929.1026-110.97732715,061Hermosillo
35%
Russia63456.01492.8661,120,000Krasnoyarsk
35%
Svalbard and Jan Mayen86178.22315.6472,060Longyearbyen
35%
Canada34148.95-57.95218,693Corner Brook
35%
Canada56167.827-115.0961,302Kugluktuk
35%
Canada35760.063-128.7091,547Watson Lake
35%
Brazil329-5.095-42.781,020,000Teresina
35%
China38740.652109.8222,150,000Baotou
32%
Iran33032.751.73,100,000Isfahan
32%
Somalia412-0.35842.545234,852Kismayo
32%
Bolivia308-14.833-64.984,259Trinidad
32%
Canada39753.917-122.75365,558Prince George
32%
India35720.2785.8271,820,000Bhubaneswar
32%
Canada30558.805-122.74,514Fort Nelson
32%
Canada49670.469-68.5911,017Clyde River
32%
Federated States of Micronesia4679.516138.1227,371Colonia
32%
Chad37917.18521.58123,786Fada
32%
Mexico36416.76-93.113537,102Tuxtla
32%
Democratic Republic of the Congo7580.5225.1931,090,000Kisangani
32%
Libya59527.03814.428130,000Sabhā
32%
Colombia32112.583-81.70658,257San Andrés
32%
Australia336-32.127133.6731,586Ceduna
32%
Canada30153.825-101.2546,055The Pas
32%
Mauritius596-19.68363.4176,000Port Mathurin
32%
Chile521-23.652-70.395309,832Antofagasta
32%
Niger36616.9737.991124,324Agadez
32%
Australia356-23.356119.7365,138Newman
32%
Oman59817.01554.092163,140Şalālah
30%
Russia1,51253.044158.651187,282Petropavlovsk-Kamchatsky
30%
Brazil317-10.885-61.952107,697Ji Paraná
30%
Argentina338-43.249-65.30593,442Trelew
30%
Russia1,08269.35488.203140,800Norilsk
30%
Brazil417-11.864-55.503116,013Sinop
30%
Russia43059.362143.2155,570Okhotsk
30%
China44031.1397.1886,280Qamdo
30%
Russia57467.49964.05380,039Vorkuta
30%
Palau3733.005131.12244Tobi
30%
Russia49973.50880.5291,113Dikson
30%
Nauru700-0.525166.9122,381Arijejen
30%
Greenland32066.939-53.6745,227Sisimiut
30%
Russia61668.055166.4375,757Bilibino
30%
Australia442-24.883113.6577,392Carnarvon
30%
Federated States of Micronesia6475.325163.0089,686Tofol
30%
Brazil557-15.596-56.097521,934Cuiabá
30%
Libya36632.0923.954121,052Tobruk
30%
Russia33351.5846.031,090,000Saratov
30%
Canada38754.516-128.60319,443Terrace
30%
Peru483-8.116-79.03747,450Trujillo
30%
Brazil6492.82-60.673235,150Boa Vista
30%
South Africa344-28.44821.25671,373Upington
30%
Algeria68922.7855.52373,128Tamanrasset
30%
Angola395-12.77615.739226,145Huambo
30%
Peru361-16.399-71.535841,130Arequipa
27%
Indonesia1,046-2.534140.718134,895Jayapura
27%
Chile304-41.469-72.942160,054Puerto Montt
27%
Indonesia462-0.88131.261125,535Sorong
27%
India37215.3675.1251,090,000Hubli-Dharwad
27%
Somalia36011.28449.18274,287Bosaso
27%
Russia50267.657134.644,266Batagay
27%
Tanzania301-10.26740.18396,602Mtwara
27%
Niger49118.68512.9162,291Bilma
27%
Indonesia319-3.36135.50143,898Nabire
27%
Chad44621.83817.4281,880Aozou
27%
Russia66456.666124.63866,320Neryungri
27%
Greenland66265.615-37.6371,829Tasiilaq
27%
Papua New Guinea319-5.857144.23133,623Mount Hagen
27%
Colombia371-4.215-69.94129,666Leticia
27%
Greenland48460.718-46.0363,224Qaqortoq
27%
Tokelau543-8.542-172.516524Atafu
27%
Russia68264.57143.2379,148Ust-Nera
27%
United States82253.874-166.5374,491Unalaska
27%
Russia1,49264.734177.5110,332Anadyr
27%
Libya31624.96310.1824,347Ghat
27%
Canada62873.038-85.151841Arctic Bay
27%
Mayotte345-12.78245.22954,831Mamoudzou
27%
Marshall Islands4428.775167.73915,000Ebaye
27%
United States33170.255-148.3372,174Prudhoe Bay
27%
India33822.71575.8653,025,000Indore
24%
Philippines4329.739118.735222,673Puerto Princesa
24%
Malaysia6715.975116.072457,326Kota Kinabalu
24%
Brazil449-9.975-67.81257,642Rio Branco
24%
Afghanistan32034.34862.2272,806Herāt
24%
Russia87571.69128.8655,700Tiksi
24%
Namibia583-17.93319.76758,172Rundu
24%
Tanzania563-8.933.45291,649Mbeya
24%
Australia550-12.182136.7783,202Nhulunbuy
24%
Mexico31722.285-97.878309,003Tampico
24%
Mozambique462-15.11639.267388,526Nampula
24%
Tanzania315-2.51732.9436,801Mwanza
24%
Malaysia7021.55110.333570,407Kuching
24%
Zimbabwe365-20.1528.583699,385Bulawayo
24%
Brazil352-19.009-57.65396,520Corumbá
24%
Republic of the Congo383-4.77611.8641,090,000Pointe-Noire
24%
Colombia3051.258-70.2355,917Mitú
24%
Papua New Guinea420-4.343152.26926,273Kokopo
24%
Australia453-26.135126.577571Warburton
24%
Papua New Guinea599-6.23155.56640,266Arawa
24%
Yemen48314.54249.124258,132Mukalla
22%
Russia35948.483135.084579,000Khabarovsk
22%
China37020.05110.321,960,000Haikou
22%
Russia38256.32160.84510,000Klyuchi
22%
Madagascar494-12.31749.29282,937Antsiranana
22%
India60411.66692.746112,050Port Blair
22%
Russia58671.98102.4713,205Khatanga
22%
Russia40552.032113.501308,500Chita
22%
Indonesia515-1.24204116.89419700,000Balikpapan
22%
Russia78762.535113.96140,308Mirny
22%
Indonesia4275.54295.333250,757Banda Aceh
22%
Uzbekistan50242.45359.61230,006Nukus
22%
Algeria35129.2640.23149,237Timimoun
22%
Indonesia5131.482124.849451,893Manado
22%
Papua New Guinea389-2.034147.2725,806Lorengau
22%
Brazil463-5.526-47.492218,106Imperatriz
22%
Algeria31727.1942.46149,223In Salah
22%
Wallis and Futuna383-13.282-176.1751,200Mata-Utu
22%
Russia34151.77355.099550,204Orenburg
22%
Argentina503-38.952-68.059242,092Neuquén
22%
Indonesia344-3.32114.591572,837Banjarmasin
19%
Brazil331-0.974-62.9277,353Barcelos
19%
China34638.468106.2731,470,000Yinchuan
19%
Maldives494-0.29973.42411,140Fuvahmulah
19%
Angola361-9.66120.39240,498Saurimo
19%
Argentina343-38-57.556553,935Mar del Plata
19%
Namibia371-26.58318.13315,608Keetmanshoop
19%
Tonga303-18.651-173.9844,320Neiafu
19%
Indonesia311-0.863134.06453,190Manokwari
19%
Greenland63977.467-69.232616Qaanaaq
19%
Chile320-29.953-71.339161,317Coquimbo
19%
Botswana349-19.98323.41749,945Maun
19%
Russia35446.954142.736176,484Yuzhno-Sakhalinsk
19%
Canada31352.2-81.667900Fort Albany
19%
Saudi Arabia33530.97541.038148,540Arar
19%
Ethiopia30911.59437.391168,899Bahir Dar
16%
Yemen33312.64954.0198,545Hadibu
16%
Democratic Republic of the Congo3222.18822.46895,520Bumba
16%
Sudan30613.45322.447162,981Geneina
16%
Brazil425-12.153-44.99158,292Barreiras
16%
Saint Helena, Ascension and Tristan da Cunha1,918-15.937-5.72830Half Tree Hollow
16%
Algeria34131.617-2.217143,382Béchar
16%
Mauritius633-10.38856.618250Vingt Cinq
16%
Mali36614.484-4.183108,456Mopti
16%
Mauritius431-16.60359.65963Cargados Carajos
16%
Madagascar409-23.3543.667115,319Toliara
16%
India30226.1691.771,100,000Guwahati
16%
Russia39765.934111.48315,267Aykhal
16%
Indonesia394-5.629132.75239,502Tual
16%
Peru413-8.379-74.554310,750Pucallpa
16%
Brazil489-2.443-54.708189,047Santarém
16%
Russia55964.278100.2185,444Tura
16%
Russia32166.766123.3743,237Zhigansk
16%
Russia35962.516155.794,201Omsukchan
16%
Thailand46217.416102.786247,231Udon Thani
16%
Western Sahara47323.685-15.95875,000Dakhla
16%
Spain61928.1-15.413381,847Las Palmas de Gran Canaria
16%
Papua New Guinea327-9.078143.20915,214Daru
16%
China33126.58106.723,450,000Guiyang
16%
Sudan36413.18430.217393,311El Obeid
14%
China36649.2119.7211,066Hailar
14%
Zambia408-15.24823.12752,534Mongu
14%
Democratic Republic of the Congo3262.77427.616127,076Isiro
14%
Indonesia306-0.908119.871282,431Palu
14%
Russia32257.851114.19315,933Bodaybo
14%
Mali42022.674-3.9793,019Taoudenni
14%
Russia37446.3548.041502,533Astrakhan
14%
Mongolia41744.882110.11619,891Saynshand
14%
Democratic Republic of the Congo328-2.94425.922135,698Kindu
14%
Indonesia365-3.978122.515195,006Kendari
14%
China35347.84988.134139,341Altay
14%
Russia38553.147140.72327,152Nikolayevsk-on-Amur
14%
Russia46156.133101.614256,600Bratsk
14%
Democratic Republic of the Congo4780.04918.26184,185Mbandaka
14%
Mali38316.272-0.04587,000Gao
14%
Iran44130.28357.079577,514Kerman
14%
Australia339-25.241130.989986Yulara
14%
Ghana3129.401-0.839360,579Tamale
14%
Russia31462.781148.1547,367Susuman
14%
Namibia395-17.78815.70433,618Oshakati
14%
Russia37664.423-173.2262,536Provideniya
11%
Solomon Islands397-10.725165.797553Lata
11%
India32610.56772.64210,688Kavaratti
11%
Japan89727.083142.201897Ogasawara
11%
China31626.869100.2211,137,600Lijiang
11%
Russia31259.084159.9563,671Palana
11%
Mongolia31646.681113.27915,805Baruun-Urt
11%
Russia32766.08376.63394,212Novy Urengoy
11%
Somalia3696.7747.43161,200Gaalkacyo
11%
Madagascar318-25.17846.08766,818Ambovombe
11%
Brazil339-6.645-51.99516,477São Félix do Xingu
11%
Kazakhstan33146.84874.99581,364Balkhash
11%
Saudi Arabia39528.436.572455,450Tabuk
11%
Kazakhstan43544.85365.509300,000Kyzylorda
11%
Kazakhstan38252.28376.967329,002Pavlodar
11%
Brazil330-14.866-40.839253,137Vitória da Conquista
11%
Kazakhstan30547.11751.883180,000Atyrau
11%
South Sudan3869.53331.66160,765Malakal
11%
Madagascar376-15.71746.317154,657Mahajanga
11%
Sudan91212.04924.881565,734Nyala
11%
Kazakhstan30643.6551.167147,443Aktau
11%
Russia30251.71594.453108,240Kyzyl
11%
China39837.10879.935114,000Hotan
11%
Russia33670.619147.8972,506Chokurdakh
8%
Iran32132.86659.221196,982Bīrjand
8%
Russia39071.963114.0921,920Saskylakh
8%
Mauritania32320.942-17.03872,337Nouadhibou
8%
Russia31869.36178.401712Leningradskiy
8%
Mauritania36916.617-7.25660,000Néma
8%
China34339.47175.99274,717Kashgar
8%
Brazil336-16.735-43.862332,379Montes Claros
8%
Russia35565.735150.8943,627Zyryanka
8%
Nigeria34213.0635.243563,861Sokoto
8%
Iran37529.49660.863551,980Zahedan
8%
Russia30157.15265.527519,119Tyumen
8%
Chile357-45.575-72.06645,787Coyhaique
8%
Saudi Arabia33726.32643.975391,336Buraydah
5%
China30343.967116.033120,965Xilin Hot
5%
Saudi Arabia31420.46145.57824,097As Sulayyil
5%
Brazil3310.039-51.066338,936Macapá
5%
China33147.351130.3743,307Hegang
5%
Burkina Faso32911.177-4.298360,106Bobo-Dioulasso
5%
Indonesia374-8.496119.888188,724Labuan Bajo
5%
Federated States of Micronesia5507.254144.453561Ifalik
3%
Russia30360.374120.428,813Olyokminsk
3%
Mauritania37222.735-12.47138,000Zouerate
3%
Kazakhstan38549.97182.606319,067Ust-Kamenogorsk
3%
Mozambique306-17.87936.888188,964Quelimane
3%
Brazil379-7.213-39.315225,230Juazeiro do Norte
3%
Russia34961.67650.81230,139Syktyvkar
3%
Russia30261.28108.0152,019Yerbogachen
3%
Brazil370-3.84-32.4113,012Fernando de Noronha
3%
Kiribati471-1.342176.436933Rungata
0%
Saudi Arabia36118.342.733387,553Khamis Mushait
0%
China32944.05380.872360,000Huocheng
0%
China32241.18480.279340,020Aksu
0%
Chile415-36.725-73.117252,968Talcahuano
0%
Greenland48570.485-21.962531Ittoqqortoormiit
0%
Kazakhstan36947.78367.767104,357Zhezqazghan
0%
Mongolia38446.194100.71826,252Bayanhongor
0%
China36739.81198.286122,396Jiayuguan
0%

Score Distribution

Percentile by Number Answered

Percent of People with Each Score

Your Score History

You have not taken this quiz since the last reset